[Event "BCF-chT3 0304 (4NCL)"]
[Site "West Bromwich"]
[Date "2004.03.28"]
[Round "6.8"]
[White "Norman, Dinah M"]
[Black "Wilcox, Charlotte"]
[Result "1/2-1/2"]
[WhiteElo "2022"]
[BlackElo "1552"]
[PlyCount "34"]
[EventDate "2003.11.23"]
[EventType "team"]
[EventRounds "11"]
[EventCountry "ENG"]
[SourceTitle "EXT 2005"]
[Source "ChessBase"]
[SourceDate "2004.11.15"]
[SourceVersion "1"]
[SourceVersionDate "2004.11.15"]
[SourceQuality "1"]
[WhiteTeam "Wessex II"]
[BlackTeam "FCA Solutions"]
[WhiteTeamCountry "ENG"]
[BlackTeamCountry "ENG"]

1. d4 d5 2. Nf3 e6 3. Bg5 f6 4. Bh4 c5 5. c3 Nc6 6. e3 Bd6 7. Bg3 c4 8. Be2 Nge7 9. Bxd6 Qxd6 10. Nbd2 Bd7 11. e4 0-0 12. 0-0 b5 13. a3 a5 14. Re1 b4 15. axb4 axb4 16. Bf1 Ng6 17. g3 b3 1/2-1/2

[Event "BCF-chT3 0304 (4NCL)"]
[Site "West Bromwich"]
[Date "2003.11.23"]
[Round "2.8"]
[White "Wilcox, Charlotte"]
[Black "McIntosh, Doreen"]
[Result "1/2-1/2"]
[WhiteElo "1552"]
[BlackElo "1304"]
[PlyCount "117"]
[EventDate "2003.11.23"]
[EventType "team"]
[EventRounds "11"]
[EventCountry "ENG"]
[SourceTitle "EXT 2005"]
[Source "ChessBase"]
[SourceDate "2004.11.15"]
[SourceVersion "1"]
[SourceVersionDate "2004.11.15"]
[SourceQuality "1"]
[WhiteTeam "FCA Solutions"]
[BlackTeam "The ADS II"]
[WhiteTeamCountry "ENG"]
[BlackTeamCountry "ENG"]

1. e4 c5 2. d4 cxd4 3. c3 Nf6 4. e5 Nd5 5. Qxd4 e6 6. Nf3 Nc6 7. Qd1 d6 8. exd6 Bxd6 9. Bc4 Nf6 10. 0-0 0-0 11. Bg5 Be7 12. Qc2 h6 13. Bh4 Qc7 14. Nbd2 Ne5 15. Nxe5 Qxe5 16. Bg3 Qc5 17. Bd3 Bd7 18. Rad1 Qc8 19. Nf3 Bc6 20. Nd4 Rd8 21. Rfe1 Bd6 22. Bxd6 Rxd6 23. Re3 Qc7 24. Qc1 g5 25. Rf1 Nd5 26. Rh3 e5 27. Nf5 Nf4 28. Nxd6 Nxh3+ 29. gxh3 Qxd6 30. Rd1 Qe6 31. Qe3 a6 32. Bc2 Qf6 33. Qd3 e4 34. Qe3 Qf3 35. Qxf3 exf3 36. Rd3 Re8 37. Re3 Rd8 38. b4 Rd2 39. Bb3 Rb2 40. Kf1 Rb1+ 41. Re1 Rxe1+ 42. Kxe1 Kf8 43. Bc2 Ke7 44. a4 b5 45. axb5 axb5 46. Kd2 Kd6 47. Ke3 h5 48. Be4 Bd7 49. Bxf3 h4 50. Be2 Ke5 51. c4 bxc4 52. Bxc4 f5 53. Ba6 f4+ 54. Kd2 Kd4 55. b5 Kc5 56. Kd3 Bxh3 57. Ke4 Bd7 58. Ke5 Kb6 59. Ke4 1/2-1/2

[Event "BCF-chT3 0203 (4NCL)"]
[Site "West Bromwich"]
[Date "2003.01.19"]
[Round "4.8"]
[White "Wilcox, Charlotte"]
[Black "Dignam, Kate"]
[Result "1-0"]
[WhiteElo "1528"]
[BlackElo "1200"]
[PlyCount "53"]
[EventDate "2002.11.??"]
[EventType "team"]
[EventRounds "11"]
[EventCountry "ENG"]
[SourceTitle "EXT 2004"]
[Source "ChessBase"]
[SourceDate "2003.11.25"]
[SourceVersion "1"]
[SourceVersionDate "2003.11.25"]
[SourceQuality "1"]
[WhiteTeam "Milton Keynes"]
[BlackTeam "Poisoned Pawns II"]
[WhiteTeamCountry "ENG"]
[BlackTeamCountry "ENG"]

1. e4 Nf6 2. e5 Nd5 3. d4 d6 4. c4 Nb6 5. f4 Be6 6. d5 Bf5 7. Nf3 h6 8. Be2 c6 9. Nc3 Qd7 10. 0-0 g6 11. b3 Bg7 12. Bb2 0-0 13. Qd2 Na6 14. Rad1 Nc7 15. dxc6 bxc6 16. exd6 Rad8 17. dxc7 Qxc7 18. Qc1 c5 19. Nb5 Qb7 20. Bxg7 Kxg7 21. Rxd8 Rxd8 22. Rd1 Bd7 23. Qe3 a6 24. Nc3 e6 25. Ne4 f5 26. Qc3+ Kf7 27. Nd6+ 1-0